000 00820nab a2200253 u 4500
001 19289
003 HDC
007 cr bn ---aaaaa
008 210228c20120717xx dr|noo 0 a eng d
040 _aHDC
245 0 _aEU: Port of Zeebrugge receives Halal certificate
260 _a[No place] :
_b[publisher not identified],
_c2012
300 _a1 online resource
336 _atext
_2rdacontent
337 _acomputer
_2rdamedia
338 _aonline resource
_2rdacarrier
650 _aHalal certificate
_9482
650 _ahalal food product
_9326
710 _aHalal Focus
856 _zRequest full-text at [email protected]
942 _2lcc
942 _cNEWS
942 _kNWSO 006206
999 _c16605
_d16605